000 00735nam a22002177a 4500
005 20100811143612.0
010 _aENG-99790
020 _a8185729913
_c50.00
035 _aEN-83322
037 _bDBAD/PUB
082 _aS
100 _aAbdul Hai
_915827
245 _aStories of messengers /
_cby Muhammad Abdul Hai
260 _aNew Delhi
_bMaktaba Al Hasanat
_c2008
270 _a3004/2, Sir Syed Ahmad Road, Darya Ganj
_bNew Delhi
_e11000
300 _a88p.
_c21cm (pbk)
490 _aMaktaba Al Hasanat Publication Series No.:122
_915828
650 _aStories
_9938
942 _2ddc
_cEN
_hS
_mABD
999 _c41033
_d41033